000 00383nam a22001097a 4500
082 _a920/SAT
100 _aसत्यार्थीं,कैलाश
_983450
245 _aतुम पहले क्यों नहीं आए
260 _aनई दिल्ली
_bराजकमल प्रकाशन
_c2024
650 _aसत्यकथा
_983451
942 _cHIN
999 _c68368
_d68368